Fyzikální a metalurgické základy obloukového svářování /

Uložené v:
Podrobná bibliografia
Hlavný autor: Němec, Josef (Author)
Médium: Kniha
Jazyk:Czech
Vydané: Praha : Státní nakladatelství technické literatury, 1977.
Vydanie:1. vyd.
ISBN: viaz.
Fyzický popis: 194 s.
Tagy: Pridať tag
Žiadne tagy, Buďte prvý kto otaguje tento záznam!

MARC

LEADER 00000nam a2200000 a 4500
001 000113621
005 20100723121310.0
008 040101s1977 xr e cze d
020 |a viaz.  |c Kčs 35,00 
040 |a SVKKK  |b slo  |c SVKKK  |e AACR2 
041 0 |a cze 
044 |a xr  |c CZ 
100 1 |a Němec, Josef  |4 aut 
245 1 0 |a Fyzikální a metalurgické základy obloukového svářování /  |c Josef Němec. 
250 |a 1. vyd. 
260 |a Praha :  |b Státní nakladatelství technické literatury,  |c 1977. 
300 |a 194 s. 
910 |a svkkk 
998 |a BK 
090 |g SCKHL  |k Sklad Pribinova 1. posch.  |a IV.91141  |j 572914  |i 113621-10  |s Absenčne 
090 |g SCKHL  |k Sklad Pribinova 1. posch.  |a IV.91142  |j 572915  |i 113621-20  |s Absenčne 
090 |g SCKHL  |k Sklad Pribinova 1. posch.  |a IV.91143  |j 572916  |i 113621-30  |s Absenčne